Web technologies : a computer science perspective

Αποθηκεύτηκε σε:
Λεπτομέρειες βιβλιογραφικής εγγραφής
Κύριος συγγραφέας: Jackson, Jeffrey C. (Συγγραφέας)
Μορφή: Βιβλίο
Γλώσσα:English
Δημοσίευση: Upper Saddle River, N.J. : Pearson/Prentice Hall, 2006
Θέματα:
Ετικέτες: Προσθήκη ετικέτας
Δεν υπάρχουν, Καταχωρήστε ετικέτα πρώτοι!

MARC

LEADER 00000nam a2200000 i 4500
001 1/49912
008 070801s2006 eng d
020 |a 0-13-185603-0 
035 |l 10089316 
040 |a GR-MY-UA  |b gre  |e aacr 
041 0 |a eng 
082 0 |a 006.76  |2 (22) 
100 1 |a Jackson, Jeffrey C.  |4 aut 
245 1 0 |a Web technologies :  |b a computer science perspective /  |c Jeffrey C. Jackson 
260 |a Upper Saddle River, N.J. :   |b Pearson/Prentice Hall,   |c 2006 
300 |a xvi, 574 σ.;  |b εικ.;  |c 24 εκ. 
504 |a Βιβλιογραφία : σ.551-555. Ευρετήριο 
650 0 0 |a Web services. 
650 0 0 |a World Wide Web. 
650 0 0 |a Internet programming. 
852 |a INST  |b CHIOS  |e 20070801  |h 006.76 JAC  |p 005200025740  |q 005200025740  |t BK  |y 0 
901 |a BIBL2-2007-2 
909 |a Χ  |b 137269 
922 |a 2ΕΛΗ  |b 200707  |c ΕΠΕΑΕΚ2/ΤΝΕΥ  |d ΕΛΕΥΘΕΡΟΥΔΑΚΗΣ 
970 |a ΒΑΡΦΗΣ  |b ΒΑΓΓΕΛΗΣ  |z 2007/08/01